000 00166nam a2200073Ia 4500
008 170817s9999 xx 000 0 und d
100 _aMishra.L
245 0 _aAdult Education
260 _bA. P. H. PUB.
999 _c38481
_d38481